| 000 | 00342nam a22001337a 4500 | ||
|---|---|---|---|
| 005 | 20170822175146.0 | ||
| 008 | 160531b xxu||||| |||| 00| 0 eng d | ||
| 040 | _dBSU | ||
| 082 |
_222 _aR381.1 INF |
||
| 245 | _aThe informal cross Border Trade Survey 2007 | ||
| 260 |
_aKampala _bUBOS _c2008 |
||
| 300 |
_aviii,55p. _c30 cm |
||
| 942 |
_2ddc _cPER |
||
| 999 |
_c10712 _d10712 |
||